| 000 | 00507nam a22001817a 4500 | ||
|---|---|---|---|
| 003 | BD-DhUL | ||
| 005 | 20180227105418.0 | ||
| 008 | 180227s1998 nyua|||| |||| 00| 0 eng | ||
| 020 | _a9211006546 | ||
| 040 |
_aBD-DhUL _cBD-DhUL |
||
| 082 |
_222 _a341.23 _bUNU |
||
| 110 | _aUnited Nations. | ||
| 245 |
_aThe United nations in our Daily lives / _cUnited Nations. |
||
| 260 |
_aNew York : _bUnited Nations, _c1998. |
||
| 300 |
_aix, 106 p. : _bill. ; _c26 cm |
||
| 650 | 0 | _aUnited Nations. | |
| 942 |
_2ddc _cBK |
||
| 999 |
_c238584 _d238584 |
||